Solve For Happy (Record no. 349865)

MARC details
000 -LEADER
fixed length control field 00473nam a2200169Ia 4500
008 - FIXED-LENGTH DATA ELEMENTS--GENERAL INFORMATION
fixed length control field 230718s9999 xx 000 0 und d
020 ## - INTERNATIONAL STANDARD BOOK NUMBER
International Standard Book Number 9781509809950
041 ## - LANGUAGE CODE
Language code of text/sound track or separate title eng
082 ## - DEWEY DECIMAL CLASSIFICATION NUMBER
Classification number 158
Item number GAW
100 ## - MAIN ENTRY--PERSONAL NAME
Personal name Gawdat M.
9 (RLIN) 201627
245 ## - TITLE STATEMENT
Title Solve For Happy
Remainder of title Engineer Your Path To Joy
260 ## - PUBLICATION, DISTRIBUTION, ETC. (IMPRINT)
Date of publication, distribution, etc. 2017
Name of publisher, distributor, etc. Bluebird Books For Life
300 ## - PHYSICAL DESCRIPTION
Extent 358
365 ## - TRADE PRICE
Currency code Rs.
Price amount 499.00
700 ## - ADDED ENTRY--PERSONAL NAME
Personal name Gawdat M.
9 (RLIN) 201627
906 ## - LOCAL DATA ELEMENT F, LDF (RLIN)
d O:0648209-Aug-2019B:535801-Aug-2019
c GENRL
b 124.75
Holdings
Withdrawn status Lost status Source of classification or shelving scheme Damaged status Not for loan Home library Current library Date acquired Vendor Budget Code Cost, normal purchase price Bill number Total Checkouts Full call number Barcode Date last seen Date last checked out Discount Cost, replacement price Bill Date Koha item type Original Barcode
    Dewey Decimal Classification     Cummins College of Engineering for Women Pune Cummins College of Engineering for Women Pune 09/08/2019 Technical Book Services GENRL 374.25 5358 1 158 CCEP-BK-61072 29/12/2023 29/11/2023 124.75 499.00 01/08/2019 Books 061072